ՀՀ Գիտությունների ազգային ակադեմիայի հիմնարար գիտական գրադարան  =   Fundamental Scientific Library of NAS RA
Normal view MARC view

Entry Corporate Name

Number of records used in: 3

001 - CONTROL NUMBER

  • control field: 4895

003 - CONTROL NUMBER IDENTIFIER

  • control field: AM-YEHGA

005 - DATE AND TIME OF LATEST TRANSACTION

  • control field: 20250617070455.0

008 - FIXED-LENGTH DATA ELEMENTS

  • fixed length control field: 140403|g|f||nnaab| f| a|a ||

040 ## - CATALOGING SOURCE

  • Original cataloging agency: AM-YEHGA

110 2# - HEADING--CORPORATE NAME

  • Corporate name or jurisdiction name as entry element: Հայ առաքելական եկեղեցի.
  • Subordinate unit: Կաթողիկոսութիւն Հայոց Մեծի Տանն Կիլիկիոյ

410 2# - SEE FROM TRACING--CORPORATE NAME

  • Corporate name or jurisdiction name as entry element: Հայոց եկեղեցի.
  • Subordinate unit: Մեծի Տանն Կիլիկիոյ Կաթողիկոսութիւն


ՀՀ ԳԱԱ հիմնարար գիտական գրադարան
ՀՀ,Երևան 0019
Մարշալ Բաղրամյան 24/6
հեռախոս:(374-10) 52-47-50
Հետադարձ կապ

All site content, except where otherwise noted, is licensed under a
Creative Commons License